Normal view
MARC view
- Gamboa Berzunza, Fernando,
Entry Nombre Personal
001 - NUMERO DE CONTROL
- campo de control: 28877
003 - IDENTIFICADOR DE NUMERO DE CONTROL
- campo de control: UPN
005 - FECHA Y HORA DE LA ÜLTIMA TRANSACCIÓN
- campo de control: 20210219194358.0
008 - DATOS DE LONGITUD FIJA
- campo de control de longitud fija: nabaccnnaabn|||||||||| b |nc|||||d
035 ## - NUMERO DE CONTROL
- Número de control: UPN11000000983
040 ## - FUENTE DE CATALOGACIÓN
- Lenguaje de catalogación: SPA
- Agencia de transcripción: UPN
100 1# - ENCABEZAMIENTO - NOMBRE PERSONAL
- Nombre personal: Gamboa Berzunza, Fernando,
- Fechas asociadas con el nombre: 1897-1970
670 ## - FUENTE EN LA QUE SE LOCALIZARON DATOS
- Cita de la fuente: T
- Uniform Resource Identifier: http://www2.sepdf.gob.mx/efemerides/consulta_efemerides.jsp?dia=30&mes=5
680 ## - NOTA PUBLICA DE ACCESO PÚBLICO
- Frase explicativa de la referencia: Educador mexicano
902 ## - CATALOGADOR
- Catalogador: DAA/140208
